| 000 | 01109cam a2200361 i 4500 | ||
|---|---|---|---|
| 999 |
_c200430038 _d47964 |
||
| 001 | 200430038 | ||
| 003 | TR-AnTOB | ||
| 005 | 20240325101948.0 | ||
| 007 | ta | ||
| 008 | 160805s2014 tu e b 000 0 tur d | ||
| 010 | _a2015354629 | ||
| 020 | _a9786053331131 | ||
| 035 | _a(OCoLC)919167540 | ||
| 040 |
_aNjP _beng _erda _cPUL _dOCLCO _dOCLCF _dDLC _dTR-AnTOB |
||
| 041 | 0 | _atur | |
| 042 |
_apcc _alcode |
||
| 043 | _aa-tu--- | ||
| 050 | 0 | 0 | _aKKX1270 |
| 090 |
_aKKX1270 _b.Y46 2014 |
||
| 100 | 1 |
_aYenisey, Kübra Doğan _eauthor _9120678 |
|
| 245 | 1 | 0 |
_aİş hukukunun emredici yapısı / _cDoç. Dr. Kübra Doğan Yenisey. |
| 250 |
_a1. Baskı _bMart 2014 - İstanbul |
||
| 264 | 1 |
_aİstanbul : _bBeta, _c2014. |
|
| 300 |
_axxii, 440 pages ; _c24 cm. |
||
| 336 |
_atext _2rdacontent |
||
| 337 |
_aunmediated _2rdamedia |
||
| 338 |
_avolume _2rdacarrier |
||
| 490 | 0 |
_aBeta ; _vyayın no: 3086 _aHukuk dizisi ; _v1516 |
|
| 504 | _aIncludes bibliographical references (pages 403-440). | ||
| 650 | 7 |
_aİş hukuku ve mevzuatı _zTürkiye _2 _958185 |
|
| 942 |
_2lcc _cBK |
||